• 首页
  • 本馆介绍
  • 公告通知
  • 最新文献
  • 馆藏检索
  • 电子资源
  • 读者导购
  • 参考咨询
  • 我的图书馆
  • 登录
  • 详细信息显示
  • 放入我的书架
  • 预约/预借图书
  • 作者相关作品
  • 分类相关作品
  • 丛书相关作品
  • 出版社相关作品

书目信息

  • 表格格式
  • 工作单格式
  • 卡片格式
题名:
趣味程序设计集锦
    
 
作者: 纪有奎 编
分册:  
出版信息: 北京   煤碳工业出版社  1984.5
页数: 495页
开本: 26cm
丛书名:
单 册:
中图分类: TP31-49
科图分类:
主题词:
电子资源:
ISBN:
000 00503nam0 2200181 45
001 0181022326
005 20061122155133.20
010    @dCNY3.30
100    @a20810111d km y0chiy0120 ea
101 0  @achi
105    @a z 000yy
200 1  @Aqu wei cheng xu she ji ji jin@Fji you kui@a趣味程序设计集锦@f纪有奎等编
210    @a北京@c煤碳工业出版社@d1984.5
215    @a495页@c无图表@d26cm
690    @aTP31-49
701 0  @a纪有奎@4编
801    @aCN@bTSTC@c20061122
905    @dTP31-49@e51@f3@b115873-75
    
    趣味程序设计集锦/纪有奎等编.-北京:煤碳工业出版社,1984.5
    495页:无图表;26cm
    
    
    ISBN :CNY3.30
    
●
相关链接 在E读中查询图书 在五车中查询图书 在当当中查询图书 在豆瓣中查询图书


正题名:趣味程序设计集锦     索取号:TP31-49/51         预约/预借

序号 登录号 条形码 馆藏地/架位号 状态 备注
1 0115875   001334078   第二样本阅览室/ [索取号:TP31-49/51] 在馆    
唐山师范学院图书馆 欢迎您!
大连网信软件有限公司© 版权所有